[Event "Madrid-ch sub-18 2008-2009"]
[Site "Madrid ESP"]
[Date "2009.01.02"]
[Round "6.3"]
[White "Fernandez Lledo, Javier"]
[Black "Martin Duque, Jesus"]
[Result "0-1"]
[WhiteElo "1911"]
[BlackElo "1696"]
[PlyCount "52"]
[EventDate "2008.12.26"]
[EventType "swiss"]
[EventRounds "9"]
[EventCountry "ESP"]
[Source "lmi"]
[SourceDate "2008.12.26"]

1. e4 e6 2. d4 d5 3. Nc3 Bb4 4. e5 Ne7 5. a3 Bxc3+ 6. bxc3 c5 7. Qg4 Qc7 8.
Qxg7 Rg8 9. Qxh7 cxd4 10. Ne2 Nbc6 11. f4 Bd7 12. Qd3 dxc3 13. h4 O-O-O 14. Rb1
Nf5 15. h5 d4 16. Rg1 Nh6 17. Nxd4 Nxd4 18. Qxd4 Bb5 19. Qe4 Bxf1 20. Rxf1 Nf5
21. Rf3 Rxg2 22. Rxb7 Qxb7 23. Rxc3+ Kb8 24. Rb3 Rg1+ 25. Kf2 Rf1+ 26. Kg2 Rg8+
0-1

[Event "Madrid-ch sub-18 2008-2009"]
[Site "Madrid ESP"]
[Date "2009.01.02"]
[Round "6.4"]
[White "Nieto De La Cruz, Julio"]
[Black "Sotnikov, Taras"]
[Result "1-0"]
[WhiteElo "2022"]
[BlackElo "1920"]
[PlyCount "111"]
[EventDate "2008.12.26"]
[EventType "swiss"]
[EventRounds "9"]
[EventCountry "ESP"]
[Source "lmi"]
[SourceDate "2008.12.26"]

1. d4 g6 2. e4 d6 3. c4 Nd7 4. Nc3 c5 5. d5 Ngf6 6. f4 Bg7 7. Nf3 a6 8. a4 O-O
9. Be2 Re8 10. O-O Nf8 11. Re1 Bg4 12. h3 Bxf3 13. Bxf3 N6d7 14. Be3 Qb6 15.
Rb1 Qb4 16. Na2 Qa5 17. Bd2 Qc7 18. Bc3 Bh6 19. g3 b5 20. b3 bxc4 21. bxc4 Rab8
22. e5 Rxb1 23. Qxb1 Rb8 24. Qd3 Nb6 25. e6 fxe6 26. dxe6 Nxa4 27. f5 Nxc3 28.
Nxc3 Rb3 29. f6 Bg5 30. fxe7 Bxe7 31. Bd1 Ra3 32. Nd5 Rxd3 33. Nxc7 Bg5 34. Kg2
Rd2+ 35. Kf3 Rd3+ 36. Kf2 Rd2+ 37. Kf1 Bd8 38. Bg4 h5 39. Bf3 Rd3 40. e7 Bxe7
41. Bd5+ Kh8 42. Rxe7 Rxg3 43. Rf7 Nh7 44. Ne6 a5 45. Kf2 a4 46. Rf4 Rxh3 47.
Bg2 g5 48. Rf7 Rc3 49. Be4 Rxc4 50. Rxh7+ Kg8 51. Rg7+ Kh8 52. Ke3 Rc3+ 53. Kd2
Rg3 54. Ra7 Kg8 55. Bh7+ Kh8 56. Nf8 1-0

[Event "Madrid-ch sub-18 2008-2009"]
[Site "Madrid ESP"]
[Date "2009.01.02"]
[Round "6.5"]
[White "Suarez Uriel, Adrian"]
[Black "Morona Minguez, Irene"]
[Result "1-0"]
[WhiteElo "2123"]
[BlackElo "1750"]
[PlyCount "139"]
[EventDate "2008.12.26"]
[EventType "swiss"]
[EventRounds "9"]
[EventCountry "ESP"]
[Source "lmi"]
[SourceDate "2008.12.26"]

1. e4 c5 2. Nf3 e6 3. d4 cxd4 4. Nxd4 Nc6 5. Nc3 a6 6. Be2 Qc7 7. O-O Nf6 8.
Kh1 Bb4 9. Bg5 b6 10. Bxf6 gxf6 11. f4 Bb7 12. Qd3 O-O-O 13. a3 Be7 14. b4 h5
15. Nb3 b5 16. Qe3 h4 17. Nc5 Rdg8 18. Rfb1 Bd6 19. Rf1 Rg7 20. Rad1 Bxc5 21.
bxc5 Rhg8 22. Rf2 f5 23. exf5 exf5 24. Nd5 Qa5 25. Nb6+ Kb8 26. Nxd7+ Ka7 27.
Bf3 b4 28. axb4 Qxb4 29. c3 Qb5 30. Ne5 f6 31. Nxc6+ Bxc6 32. Bxc6 Qxc6 33. Rd6
Qb5 34. h3 Rc8 35. c6+ Ka8 36. Rxf6 Rgc7 37. Qe5 Qb1+ 38. Kh2 Qb6 39. Ra2 Rxc6
40. Rxc6 Rxc6 41. Qxf5 Qe3 42. Qf8+ Ka7 43. Qg7+ Ka8 44. Qh8+ Ka7 45. Qd4+ Qxd4
46. cxd4 Rc4 47. Rd2 Kb7 48. g4 hxg3+ 49. Kxg3 a5 50. f5 Kc7 51. f6 Kd7 52. Kf4
Ke8 53. Kf5 Kf7 54. h4 Rc1 55. Ra2 Rf1+ 56. Kg5 Rxf6 57. Rxa5 Rg6+ 58. Kh5 Rd6
59. d5 Kf6 60. Kh6 Kf5+ 61. Kg7 Kg4 62. Kf7 Kf5 63. h5 Ke5 64. h6 Rd7+ 65. Kg6
Rd6+ 66. Kg5 Rd7 67. Ra6 Rxd5 68. h7 Ke4+ 69. Kg6 Rd8 70. Ra7 1-0

[Event "Madrid-ch sub-18 2008-2009"]
[Site "Madrid ESP"]
[Date "2009.01.02"]
[Round "6.6"]
[White "Corisco Beltran, Rafael"]
[Black "Tarin Casado, Francisco"]
[Result "1/2-1/2"]
[WhiteElo "1734"]
[BlackElo "1849"]
[PlyCount "105"]
[EventDate "2008.12.26"]
[EventType "swiss"]
[EventRounds "9"]
[EventCountry "ESP"]
[Source "lmi"]
[SourceDate "2008.12.26"]

1. e4 c6 2. d4 d5 3. Nc3 dxe4 4. Nxe4 Bf5 5. Ng3 Bg6 6. h4 h6 7. Nf3 Nd7 8. h5
Bh7 9. Bd3 Bxd3 10. Qxd3 e6 11. Bf4 Qa5+ 12. Bd2 Qc7 13. O-O-O O-O-O 14. Qe2
Ngf6 15. c4 Bd6 16. Ne4 Nxe4 17. Qxe4 Nf6 18. Qe2 c5 19. Bc3 Kb8 20. Ne5 cxd4
21. Bxd4 Rhe8 22. Kb1 Qe7 23. Qe3 Ka8 24. f3 Rc8 25. Nxf7 Qxf7 26. Bxf6 Qxf6
27. Rxd6 Rxc4 28. Rhd1 Qf5+ 29. Qe4 Qxe4+ 30. fxe4 a6 31. R6d4 Rc5 32. Rd8+
Rxd8 33. Rxd8+ Ka7 34. Rd7 Rg5 35. Re7 Rxg2 36. Rxe6 Rg5 37. Re7 Kb6 38. Kc2
Kc6 39. Kd3 a5 40. Kd4 Rxh5 41. Rxg7 b5 42. Rg6+ Kc7 43. e5 Rh2 44. Kc3 h5 45.
Rh6 h4 46. Rh7+ Kc6 47. e6 Kd6 48. e7 Kd7 49. a3 h3 50. b4 axb4+ 51. axb4 Rh1
52. Kb2 h2 53. Ka2 1/2-1/2

[Event "Madrid-ch sub-18 2008-2009"]
[Site "Madrid ESP"]
[Date "2009.01.02"]
[Round "6.7"]
[White "Madurga Lopez, Ignacio"]
[Black "De La Esperanza Martin, Alberto"]
[Result "1-0"]
[WhiteElo "1817"]
[BlackElo "1636"]
[PlyCount "107"]
[EventDate "2008.12.26"]
[EventType "swiss"]
[EventRounds "9"]
[EventCountry "ESP"]
[Source "lmi"]
[SourceDate "2008.12.26"]

1. e4 e6 2. d4 d5 3. e5 c5 4. c3 Nc6 5. Nf3 Nge7 6. a3 Nf5 7. b4 cxb4 8. cxb4
Qc7 9. Bb2 Be7 10. Nc3 O-O 11. Rc1 f6 12. b5 Nd8 13. Nxd5 Qa5+ 14. Nc3 Bxa3 15.
Bxa3 Qxa3 16. Bc4 fxe5 17. Nxe5 Nxd4 18. O-O Qc5 19. Re1 Rf5 20. Ne2 Nxe2+ 21.
Qxe2 Qe7 22. Bd3 Rf6 23. Qe4 g6 24. Ng4 Rf8 25. Qd4 Qg7 26. Ne5 Nf7 27. Rc7 Qf6
28. f4 Nxe5 29. fxe5 Qf4 30. Qxf4 Rxf4 31. Be4 Rb8 32. Rd1 Rf7 33. Rd8+ Rf8 34.
Rxf8+ Kxf8 35. Rxh7 a5 36. Bxg6 a4 37. Bb1 a3 38. Ba2 Kg8 39. Rc7 Kf8 40. h4
Ke8 41. h5 Bd7 42. b6 Ke7 43. Kh2 Rh8 44. g4 Rc8 45. Rxc8 Bxc8 46. Kg3 Bd7 47.
g5 Kf7 48. Kf4 Bc8 49. g6+ Kg7 50. Kg5 Bd7 51. h6+ Kg8 52. Kf6 Kh8 53. Bb1 a2
54. g7+ 1-0

[Event "Madrid-ch sub-18 2008-2009"]
[Site "Madrid ESP"]
[Date "2009.01.02"]
[Round "6.8"]
[White "Dominguez Alfara, Miguel"]
[Black "Rodriguez Centenera, Sara"]
[Result "0-1"]
[WhiteElo "1621"]
[BlackElo "1663"]
[PlyCount "94"]
[EventDate "2008.12.26"]
[EventType "swiss"]
[EventRounds "9"]
[EventCountry "ESP"]
[Source "lmi"]
[SourceDate "2008.12.26"]

1. d4 Nf6 2. Nf3 g6 3. e3 d6 4. c4 Bg7 5. Bd3 O-O 6. Nbd2 Nbd7 7. b3 e5 8. Bb2
Re8 9. dxe5 dxe5 10. Bc2 Kh8 11. O-O Ng8 12. Ne4 h6 13. Qd5 Qe7 14. Rfd1 f5 15.
Ng3 Ngf6 16. Qd2 c6 17. Nh4 Qf7 18. Nxg6+ Qxg6 19. Bxf5 Qf7 20. Qc2 Nf8 21.
Bxc8 Raxc8 22. Nf5 Qg6 23. e4 Rc7 24. Nd6 Re6 25. f3 Nh5 26. Nf5 Bf6 27. Qf2
Nf4 28. Kh1 b6 29. Bc1 b5 30. Qg3 Bg5 31. Ba3 Nd7 32. Bd6 Rb7 33. cxb5 cxb5 34.
Qf2 Nh5 35. Rd5 Bf6 36. Rad1 Ng7 37. Qg3 Qxg3 38. Nxg3 a6 39. f4 Nb6 40. R5d3
exf4 41. Bxf4 Be5 42. Bxh6 Rxh6 43. h3 Bxg3 44. Rxg3 Re6 45. Rg4 Rbe7 46. Rd8+
Re8 47. Rd7 Nxd7 0-1

[Event "Madrid-ch sub-18 2008-2009"]
[Site "Madrid ESP"]
[Date "2009.01.02"]
[Round "6.12"]
[White "Ananian, Arman"]
[Black "Jimenez Rodriguez, Alfonso"]
[Result "1-0"]
[WhiteElo "1562"]
[BlackElo "1908"]
[PlyCount "109"]
[EventDate "2008.12.26"]
[EventType "swiss"]
[EventRounds "9"]
[EventCountry "ESP"]
[Source "lmi"]
[SourceDate "2008.12.26"]

1. e4 e6 2. d4 d5 3. exd5 exd5 4. Nf3 Nf6 5. Be2 Be7 6. O-O O-O 7. Bf4 c6 8.
Nc3 Bf5 9. Ne5 Nbd7 10. Bd3 Bxd3 11. Qxd3 Nxe5 12. Bxe5 Nd7 13. Qg3 Nxe5 14.
dxe5 Bc5 15. Na4 Be7 16. Nc3 Bc5 17. Na4 Be7 18. b3 b5 19. Nb2 f6 20. f4 Bc5+
21. Kh1 fxe5 22. fxe5 Qe7 23. Nd3 Bb6 24. Qg4 c5 25. e6 Bc7 26. Rae1 Qd6 27. g3
Rxf1+ 28. Rxf1 Rf8 29. Rxf8+ Qxf8 30. Kg2 c4 31. Nf2 Bb6 32. Nh3 Qf6 33. Qe2
Bc5 34. Nf4 Qd8 35. Qe5 Qd6 36. Qxd5 Qxd5+ 37. Nxd5 Kf8 38. Kf3 cxb3 39. cxb3
Bd4 40. h4 Be5 41. g4 h6 42. Ke3 Bg3 43. h5 Be1 44. Kf4 Bf2 45. e7+ Kf7 46.
e8=Q+ Kxe8 47. Nc7+ Kf7 48. Nxb5 Bc5 49. b4 Bxb4 50. Nxa7 Ba3 51. Nb5 Bc5 52.
a4 Bb4 53. Nd4 Bc5 54. Nc6 Ke8 55. Ke5 1-0

[Event "Madrid-ch sub-18 2008-2009"]
[Site "Madrid ESP"]
[Date "2009.01.02"]
[Round "6.13"]
[White "Garcia Salamero, Hector"]
[Black "Martinez Vazquez, Juan Jose"]
[Result "1-0"]
[WhiteElo "1638"]
[BlackElo "1521"]
[PlyCount "87"]
[EventDate "2008.12.26"]
[EventType "swiss"]
[EventRounds "9"]
[EventCountry "ESP"]
[Source "lmi"]
[SourceDate "2008.12.26"]

1. e4 e5 2. Nf3 Nc6 3. Bb5 d6 4. d4 a6 5. Bxc6+ bxc6 6. dxe5 Bg4 7. h3 Bxf3 8.
Qxf3 dxe5 9. O-O Nf6 10. Rd1 Nd7 11. b3 Be7 12. Bb2 Bf6 13. Na3 Qe7 14. Nc4 Qe6
15. Ba3 Be7 16. Bxe7 Qxe7 17. Rd2 O-O 18. Rad1 Rad8 19. Qf5 g6 20. Qf3 f6 21.
Na5 Nb8 22. Qc3 Rxd2 23. Rxd2 Qe6 24. Qc4 Qxc4 25. Nxc4 Rf7 26. Rd8+ Rf8 27.
Rxf8+ Kxf8 28. Kf1 Nd7 29. Ke2 Nb6 30. Kd3 Ke7 31. Kc3 Kd7 32. Kb4 Nxc4 33.
Kxc4 Kc8 34. Kc5 Kb7 35. b4 h6 36. f3 f5 37. g4 fxg4 38. fxg4 g5 39. c4 Kc8 40.
Kxc6 Kb8 41. Kd5 Kb7 42. Kxe5 Kb6 43. Kd5 c6+ 44. Kd6 1-0

[Event "Madrid-ch sub-18 2008-2009"]
[Site "Madrid ESP"]
[Date "2009.01.03"]
[Round "7.1"]
[White "Martin Duque, Jesus"]
[Black "Castejon Caballero, Andres"]
[Result "1-0"]
[WhiteElo "1696"]
[BlackElo "2003"]
[PlyCount "79"]
[EventDate "2008.12.26"]
[EventType "swiss"]
[EventRounds "9"]
[EventCountry "ESP"]
[Source "lmi"]
[SourceDate "2008.12.26"]

1. e4 c5 2. Nf3 Nc6 3. Nc3 Nf6 4. d4 cxd4 5. Nxd4 e5 6. Ndb5 d6 7. Bg5 a6 8.
Na3 b5 9. Bxf6 gxf6 10. Nd5 f5 11. Bd3 Be6 12. O-O Bg7 13. Qh5 f4 14. c4 b4 15.
Nc2 a5 16. g3 Ne7 17. gxf4 Bxd5 18. cxd5 exf4 19. Bb5+ Kf8 20. Rab1 Rb8 21. Ba4
Ng6 22. Kh1 Rb7 23. Ne1 Re7 24. Nf3 Rxe4 25. Qf5 Re5 26. Nxe5 Bxe5 27. Rbc1 Kg7
28. Rc2 Qh4 29. f3 h5 30. Rc7 Rf8 31. Rg1 Qf6 32. Qxh5 Rh8 33. Qg4 Rh4 34. Qg2
Bd4 35. Re1 Rh5 36. Be8 Re5 37. Rxe5 Qxe5 38. Rxf7+ Kh6 39. Qh3+ Kg5 40. Qe6
1-0

[Event "Madrid-ch sub-18 2008-2009"]
[Site "Madrid ESP"]
[Date "2009.01.03"]
[Round "7.2"]
[White "Arauz Alonso, Fernando"]
[Black "Suarez Uriel, Adrian"]
[Result "1-0"]
[WhiteElo "2098"]
[BlackElo "2123"]
[PlyCount "187"]
[EventDate "2008.12.26"]
[EventType "swiss"]
[EventRounds "9"]
[EventCountry "ESP"]
[Source "lmi"]
[SourceDate "2008.12.26"]

1. d4 e6 2. Nf3 d5 3. Bf4 c5 4. e3 Nf6 5. c3 b6 6. Nbd2 Be7 7. h3 O-O 8. Bd3
Ba6 9. Bxa6 Nxa6 10. O-O Bd6 11. Be5 Nb8 12. Qa4 Qc7 13. Bxd6 Qxd6 14. dxc5
Qxc5 15. e4 dxe4 16. Nxe4 Nxe4 17. Qxe4 Nd7 18. Rfd1 Nf6 19. Qd4 Qb5 20. c4 Qa5
21. Qe5 Qb4 22. b3 Rac8 23. Nd4 a6 24. Rd3 Nd7 25. Qe2 Qe7 26. Rad1 Nc5 27.
R3d2 Qf6 28. Qf3 Qxf3 29. Nxf3 b5 30. Ne5 f6 31. Nd7 Ne4 32. Nxf8 Nxd2 33. Nxe6
Ne4 34. Rd7 bxc4 35. bxc4 g6 36. Rg7+ Kh8 37. Ra7 Nc5 38. Nxc5 Rxc5 39. Rxa6
Rxc4 40. g3 Kg7 41. Ra7+ Kh6 42. Kg2 g5 43. g4 Kg6 44. a4 h5 45. gxh5+ Kxh5 46.
a5 Ra4 47. a6 Kg6 48. Ra8 Ra3 49. a7 Kg7 50. f3 Ra6 51. Kg3 Ra4 52. Kf2 Ra3 53.
Kg2 Ra6 54. Kh2 Ra3 55. Kg3 Ra4 56. h4 gxh4+ 57. Kh3 Ra3 58. Kxh4 Ra6 59. Kg4
Ra5 60. Kf4 Ra1 61. Ke4 Ra6 62. Kd5 Ra1 63. Kc6 Rc1+ 64. Kd7 Ra1 65. f4 Ra2 66.
Ke8 Ra1 67. Ke7 Ra2 68. Ke6 Ra1 69. Kf5 Ra5+ 70. Kg4 Ra1 71. Kf3 Ra6 72. Ke2
Ra5 73. Kd2 Ra6 74. Kc2 Ra5 75. Kb3 Ra1 76. Kb2 Ra6 77. Kc3 Ra1 78. Kb4 Rb1+
79. Ka5 Ra1+ 80. Kb6 Rb1+ 81. Kc7 Rc1+ 82. Kd7 Ra1 83. Kd8 Ra2 84. Ke8 Ra1 85.
Rd8 Rxa7 86. Rd7+ Rxd7 87. Kxd7 Kg6 88. Ke6 f5 89. Ke7 Kh5 90. Kf6 Kg4 91. Ke5
Kh5 92. Kxf5 Kh6 93. Kf6 Kh7 94. Kf7 1-0

[Event "Madrid-ch sub-18 2008-2009"]
[Site "Madrid ESP"]
[Date "2009.01.03"]
[Round "7.3"]
[White "Gago Padreny, Ignacio"]
[Black "Adan Bermudez, Sergio"]
[Result "1-0"]
[WhiteElo "2216"]
[BlackElo "2227"]
[PlyCount "71"]
[EventDate "2008.12.26"]
[EventType "swiss"]
[EventRounds "9"]
[EventCountry "ESP"]
[Source "lmi"]
[SourceDate "2008.12.26"]

1. d4 Nf6 2. c4 e6 3. Nf3 b6 4. g3 Bb7 5. Bg2 Bb4+ 6. Nbd2 O-O 7. O-O Be7 8. b3
c5 9. Bb2 d6 10. e3 Nbd7 11. Qc2 Rc8 12. e4 cxd4 13. Nxd4 a6 14. e5 Bxg2 15.
exf6 Bxf1 16. fxe7 Qxe7 17. Rxf1 d5 18. Qd1 dxc4 19. Nxc4 b5 20. Ba3 b4 21. Bb2
Rfd8 22. Qe2 Rc5 23. a3 Nb8 24. axb4 Rcd5 25. Ne3 R5d7 26. b5 e5 27. Ndf5 Qf6
28. bxa6 Nxa6 29. Qf3 Rd3 30. Qh5 Re8 31. Ra1 Nc7 32. Ra7 Rxb3 33. Rxc7 Rxb2
34. Ng4 Rb1+ 35. Kg2 Qe6 36. Rxf7 1-0

[Event "Madrid-ch sub-18 2008-2009"]
[Site "Madrid ESP"]
[Date "2009.01.03"]
[Round "7.4"]
[White "Rodriguez Centenera, Sara"]
[Black "Nieto De La Cruz, Julio"]
[Result "0-1"]
[WhiteElo "1663"]
[BlackElo "2022"]
[PlyCount "120"]
[EventDate "2008.12.26"]
[EventType "swiss"]
[EventRounds "9"]
[EventCountry "ESP"]
[Source "lmi"]
[SourceDate "2008.12.26"]

1. d4 Nf6 2. c4 c5 3. d5 b5 4. cxb5 a6 5. b6 Qxb6 6. Nc3 d6 7. Nf3 g6 8. Nd2
Bg7 9. Nc4 Qc7 10. a4 Nbd7 11. a5 O-O 12. e4 Ne8 13. Be2 f5 14. O-O Rb8 15. Qc2
Ndf6 16. Nb6 fxe4 17. Nxe4 Nxe4 18. Qxe4 Nf6 19. Qc4 Bb7 20. Rb1 Nd7 21. Nxd7
Qxd7 22. Bg4 Qb5 23. Be6+ Kh8 24. Qxb5 axb5 25. Bg5 Bf6 26. Bxf6+ Rxf6 27. Ra1
Bc8 28. Bxc8 Rxc8 29. a6 Ra8 30. Rfe1 Ra7 31. Ra5 b4 32. b3 Rf5 33. Rd1 Kg7 34.
f3 Kf6 35. Kf2 Ke5 36. Ke3 Rf8 37. g3 g5 38. Rd2 Rf6 39. Rd1 Rf7 40. Rd2 Rf8
41. Rd1 Rf7 42. Rd2 h5 43. Rd1 h4 44. gxh4 gxh4 45. Rg1 Kxd5 46. Rg5+ Kc6 47.
Rh5 Kb6 48. Ra2 Rxa6 49. Rxa6+ Kxa6 50. Rxh4 Kb5 51. Rg4 d5 52. h4 c4 53. bxc4+
dxc4 54. Rg5+ Ka4 55. Kd4 Rf4+ 56. Kc5 b3 57. Rg8 b2 58. Rb8 Ka3 59. h5 Ka2 60.
Ra8+ Kb3 0-1

[Event "Madrid-ch sub-18 2008-2009"]
[Site "Madrid ESP"]
[Date "2009.01.03"]
[Round "7.5"]
[White "Sotnikov, Taras"]
[Black "Madurga Lopez, Ignacio"]
[Result "0-1"]
[WhiteElo "1920"]
[BlackElo "1817"]
[PlyCount "72"]
[EventDate "2008.12.26"]
[EventType "swiss"]
[EventRounds "9"]
[EventCountry "ESP"]
[Source "lmi"]
[SourceDate "2008.12.26"]

1. e4 c5 2. Nf3 d6 3. d4 cxd4 4. Nxd4 Nf6 5. Nc3 a6 6. Be3 e5 7. Nb3 Be6 8. Qd2
Be7 9. f3 Nbd7 10. g4 b5 11. g5 Nh5 12. O-O-O Nb6 13. Na5 Qc7 14. Kb1 O-O 15.
Qf2 Rfb8 16. Qh4 g6 17. f4 exf4 18. Bxf4 b4 19. Ne2 Bxa2+ 20. Kxa2 Qxc2 21. Bh3
Qa4+ 22. Kb1 Qxa5 23. Bxd6 Bxd6 24. Rxd6 b3 25. Nc1 Nc4 26. Rhd1 Nxd6 27. Rxd6
Qc5 28. Rd2 a5 29. Qe1 a4 30. e5 Nf4 31. Bd7 Ne6 32. Qf1 a3 33. Bxe6 fxe6 34.
Nd3 Qa7 35. Qf6 a2+ 36. Ka1 Qg1+ 0-1

[Event "Madrid-ch sub-18 2008-2009"]
[Site "Madrid ESP"]
[Date "2009.01.03"]
[Round "7.6"]
[White "Tarin Casado, Francisco"]
[Black "Fernandez Lledo, Javier"]
[Result "1/2-1/2"]
[WhiteElo "1849"]
[BlackElo "1911"]
[PlyCount "96"]
[EventDate "2008.12.26"]
[EventType "swiss"]
[EventRounds "9"]
[EventCountry "ESP"]
[Source "lmi"]
[SourceDate "2008.12.26"]

1. d4 d5 2. Nf3 Nf6 3. Bf4 Bf5 4. e3 c6 5. Bd3 Bxd3 6. cxd3 Nbd7 7. Nbd2 e6 8.
Rc1 Rc8 9. O-O Be7 10. Ne5 O-O 11. h3 Nb6 12. Bh2 Nfd7 13. f4 f6 14. Ng4 f5 15.
Ne5 Nxe5 16. fxe5 Nd7 17. g4 g6 18. gxf5 gxf5 19. Kh1 Qe8 20. Bf4 Kh8 21. Rg1
Qf7 22. Nf3 Qh5 23. Kh2 h6 24. Qf1 Rg8 25. Qf2 Bg5 26. Rcd1 Rg7 27. Rg2 Rcg8
28. Rdg1 c5 29. b3 a5 30. dxc5 Nxc5 31. Qc2 Qxf3 32. Bxg5 hxg5 33. Qxc5 f4 34.
Qd6 g4 35. Rxg4 Rxg4 36. Rxg4 Rxg4 37. hxg4 Qg3+ 38. Kh1 Qh3+ 39. Kg1 Qxg4+ 40.
Kh1 Qh3+ 41. Kg1 Qxe3+ 42. Kh2 Qg3+ 43. Kh1 f3 44. Qf8+ Kh7 45. Qf7+ Kh6 46.
Qxe6+ Kh7 47. Qf7+ Kh6 48. Qf8+ Kh7 1/2-1/2

[Event "Madrid-ch sub-18 2008-2009"]
[Site "Madrid ESP"]
[Date "2009.01.03"]
[Round "7.7"]
[White "Morona Minguez, Irene"]
[Black "Corisco Beltran, Rafael"]
[Result "0-1"]
[WhiteElo "1750"]
[BlackElo "1734"]
[PlyCount "90"]
[EventDate "2008.12.26"]
[EventType "swiss"]
[EventRounds "9"]
[EventCountry "ESP"]
[Source "lmi"]
[SourceDate "2008.12.26"]

1. e4 c5 2. Nc3 Nc6 3. g3 Nf6 4. Bg2 e6 5. d3 d5 6. exd5 exd5 7. Bf4 Be6 8.
Nge2 Bd6 9. O-O O-O 10. h3 Re8 11. Kh2 Ne5 12. d4 Ng6 13. Bg5 Ng4+ 14. hxg4
Qxg5 15. dxc5 Bxc5 16. Nxd5 Bxg4 17. Ndc3 Qh5+ 18. Kg1 Bxe2 19. Nxe2 Qxe2 20.
Qd5 Qe7 21. Rfe1 Qc7 22. Qf5 Re5 23. Qd3 Rae8 24. Rxe5 Qxe5 25. Qd7 Qe7 26. Qf5
b6 27. Rf1 Qe6 28. Qd3 Qd6 29. Qf5 Qxg3 30. Qxc5 Qxg2+ 31. Kxg2 bxc5 32. Kf3
Rd8 33. Ke3 f6 34. Rh1 Ne5 35. b3 g5 36. a3 a5 37. Ke2 Kg7 38. Rh3 Kg6 39. Rc3
Rd5 40. Rh3 h5 41. c3 g4 42. Rh1 Nf3 43. b4 cxb4 44. axb4 axb4 45. cxb4 Rd2+
0-1

[Event "Madrid-ch sub-18 2008-2009"]
[Site "Madrid ESP"]
[Date "2009.01.03"]
[Round "7.8"]
[White "De La Esperanza Martin, Alberto"]
[Black "Fernandez Lopez, Diego"]
[Result "1-0"]
[WhiteElo "1636"]
[BlackElo "1530"]
[PlyCount "125"]
[EventDate "2008.12.26"]
[EventType "swiss"]
[EventRounds "9"]
[EventCountry "ESP"]
[Source "lmi"]
[SourceDate "2008.12.26"]

1. e4 e5 2. Nf3 Nc6 3. Nc3 Nf6 4. d4 exd4 5. Nxd4 Bc5 6. Nxc6 bxc6 7. Bg5 Be7
8. Bf4 d6 9. Bc4 Be6 10. Bb3 d5 11. O-O O-O 12. Qd3 Nd7 13. Qa6 d4 14. Ne2 Nb6
15. Qb7 Bd6 16. Bxd6 Qxd6 17. Bxe6 Rfb8 18. Bxf7+ Kxf7 19. Qa6 Nd7 20. Qc4+ Kf8
21. Nxd4 Rb4 22. Qxc6 Qxc6 23. Nxc6 Rxb2 24. Nd4 Nc5 25. f3 Rd8 26. Rfd1 Ke8
27. c4 Rb4 28. Nb5 Rxd1+ 29. Rxd1 Rxc4 30. Nxc7+ Ke7 31. Nd5+ Kf7 32. Rd2 Ra4
33. Kf2 Ke6 34. Kg3 Rxe4 35. Nf4+ Ke7 36. Re2 Rxe2 37. Nxe2 a5 38. Nd4 a4 39.
Kg4 Nd3 40. Kf5 Nb4 41. a3 Nd5 42. g4 Nc3 43. h4 Nb1 44. Nc2 Nd2 45. f4 Nf3 46.
h5 Nh4+ 47. Ke4 Ke6 48. Nd4+ Kf6 49. Nb5 g6 50. hxg6 Nxg6 51. Nc3 Ke7 52. Nxa4
Kd6 53. Nc3 Kc5 54. Nd5 Kb5 55. Nf6 Nf8 56. Kf5 Ka4 57. Ke5 Kxa3 58. f5 Kb4 59.
Kd6 Kc4 60. Ke7 Ng6+ 61. fxg6 hxg6 62. Kf7 g5 63. Kg6 1-0

[Event "Madrid-ch sub-18 2008-2009"]
[Site "Madrid ESP"]
[Date "2009.01.03"]
[Round "7.10"]
[White "Garcia Salamero, Hector"]
[Black "Ananian, Arman"]
[Result "1/2-1/2"]
[WhiteElo "1638"]
[BlackElo "1562"]
[PlyCount "68"]
[EventDate "2008.12.26"]
[EventType "swiss"]
[EventRounds "9"]
[EventCountry "ESP"]
[Source "lmi"]
[SourceDate "2008.12.26"]

1. e4 e5 2. Nf3 d6 3. d4 exd4 4. Nxd4 Nc6 5. Nc3 Be7 6. Bc4 Nf6 7. O-O O-O 8.
Re1 Nd7 9. Nxc6 bxc6 10. Bf4 Bf6 11. Qd2 Rb8 12. Bb3 Bb7 13. Rad1 Re8 14. Bg3
c5 15. f3 Nb6 16. a3 Qe7 17. Bd5 Nxd5 18. Nxd5 Bxd5 19. exd5 Qd7 20. b3 Qb5 21.
a4 Qb7 22. Bf2 Qa6 23. Rxe8+ Rxe8 24. Re1 Rxe1+ 25. Qxe1 Kf8 26. c4 Qb6 27. Qb1
g6 28. Qc2 Qb4 29. Kf1 Qa3 30. Qb1 Qb4 31. Qc2 Qa3 32. Qb1 Bb2 33. Qc2 Bf6 34.
Qb1 Bb2 1/2-1/2

[Event "Madrid-ch sub-18 2008-2009"]
[Site "Madrid ESP"]
[Date "2009.01.03"]
[Round "7.14"]
[White "Morera Rodriguez, Ignacio"]
[Black "Martinez Vazquez, Juan Jose"]
[Result "0-1"]
[WhiteElo "1646"]
[BlackElo "1521"]
[PlyCount "64"]
[EventDate "2008.12.26"]
[EventType "swiss"]
[EventRounds "9"]
[EventCountry "ESP"]
[Source "lmi"]
[SourceDate "2008.12.26"]

1. d4 d5 2. Nf3 Nc6 3. Bg5 Nf6 4. e3 e6 5. Nbd2 Be7 6. c3 h6 7. Bh4 O-O 8. Bd3
Qd6 9. Bg3 Qd8 10. Ne5 Nxe5 11. dxe5 Nd7 12. O-O f6 13. Nf3 fxe5 14. Nxe5 Nxe5
15. Bxe5 Bf6 16. Bd4 Qe7 17. b4 b6 18. a3 e5 19. Re1 exd4 20. exd4 Qd6 21. Re3
Bd7 22. Rg3 Bh4 23. Rf3 Rxf3 24. gxf3 Rf8 25. Kh1 Bf5 26. Bxf5 Rxf5 27. Qe2 Qf4
28. Qe8+ Rf8 29. Qe6+ Qf7 30. Qg4 Qxf3+ 31. Qxf3 Rxf3 32. Rf1 Rxc3 0-1

[Event "Madrid-ch sub-18 2008-2009"]
[Site "Madrid ESP"]
[Date "2009.01.04"]
[Round "8.1"]
[White "Arauz Alonso, Fernando"]
[Black "Martin Duque, Jesus"]
[Result "1-0"]
[WhiteElo "2098"]
[BlackElo "1696"]
[PlyCount "81"]
[EventDate "2008.12.26"]
[EventType "swiss"]
[EventRounds "9"]
[EventCountry "ESP"]
[Source "lmi"]
[SourceDate "2008.12.26"]

1. d4 d5 2. Nf3 Nf6 3. Bf4 e6 4. e3 c5 5. c3 Nc6 6. Nbd2 Bd6 7. Bb5 O-O 8. Bxd6
Qxd6 9. Bxc6 bxc6 10. Qa4 cxd4 11. cxd4 c5 12. Qa3 Qc7 13. Qxc5 Qxc5 14. dxc5
Ba6 15. b4 Rab8 16. a3 Rfc8 17. Ne5 Ne8 18. Nb3 f6 19. Nf3 Kf7 20. Kd2 e5 21.
Rhc1 Ke6 22. Ke1 h6 23. Nfd2 f5 24. f3 Nf6 25. Na5 Rc7 26. Rab1 Bb5 27. Rb2 Ba4
28. Nb1 Be8 29. c6 Kd6 30. b5 Ng8 31. a4 Rb6 32. Na3 Ke6 33. Nb7 a5 34. Nxa5
Ne7 35. Nb3 Kd6 36. Rd1 Ke6 37. a5 Rb8 38. Nc5+ Kd6 39. Na6 Nxc6 40. Nxc7 Kxc7
41. Rc2 1-0

[Event "Madrid-ch sub-18 2008-2009"]
[Site "Madrid ESP"]
[Date "2009.01.04"]
[Round "8.2"]
[White "Madurga Lopez, Ignacio"]
[Black "Gago Padreny, Ignacio"]
[Result "0-1"]
[WhiteElo "1817"]
[BlackElo "2216"]
[PlyCount "124"]
[EventDate "2008.12.26"]
[EventType "swiss"]
[EventRounds "9"]
[EventCountry "ESP"]
[Source "lmi"]
[SourceDate "2008.12.26"]

1. e4 c5 2. Nf3 d6 3. d4 cxd4 4. Qxd4 a6 5. c4 Nc6 6. Qd2 Nf6 7. Nc3 g6 8. b3
Bg7 9. Bb2 O-O 10. Be2 Rb8 11. O-O Qa5 12. Rac1 Bd7 13. Rfd1 b5 14. Ba1 Rfe8
15. Nd4 b4 16. Nxc6 Bxc6 17. Nd5 Nxe4 18. Qe3 Bxa1 19. Qxe4 Bxd5 20. Qxd5 Qxa2
21. Rxa1 Qxe2 22. Rd2 Qg4 23. Rxa6 Rec8 24. Ra5 Qf4 25. h3 Qf6 26. Qd4 Qe6 27.
Qe3 Qxe3 28. fxe3 h5 29. Rdd5 Kf8 30. Rdb5 Ke8 31. Kf2 Kd7 32. Kf3 e5 33. e4
Ke6 34. Rd5 Rb6 35. Rdb5 Rcb8 36. Rxb6 Rxb6 37. Ra8 f5 38. h4 Rb7 39. g3 f4 40.
g4 hxg4+ 41. Kxg4 Rf7 42. Kf3 Rh7 43. Kg4 Rf7 44. Kf3 g5 45. hxg5 Rh7 46. Kg4
Rh2 47. Rb8 Rg2+ 48. Kh4 Re2 49. Rxb4 Rxe4 50. Kg4 Re3 51. Rb8 Rg3+ 52. Kh4 e4
53. Re8+ Kf5 54. b4 Rg4+ 55. Kh3 Rxg5 56. b5 Rg3+ 57. Kh4 Rb3 58. Rf8+ Ke5 59.
Rb8 Kd4 60. Kg4 f3 61. Re8 f2 62. Rf8 Rf3 0-1